[Event "IIFL Wealth 4th Mumbai GM"]
[Site "Mumbai"]
[Date "2019.01.02"]
[Round "4"]
[White "Das, Sayantan"]
[Black "Mohite, Ranveer"]
[Result "1-0"]
[WhiteElo "2453"]
[BlackElo "2236"]
[Annotator "TA"]
[PlyCount "83"]
[EventDate "2018.12.30"]
[EventType "swiss"]
[EventCountry "IND"]
[SourceTitle "playchess.com"]
[Source "ChessBase"]
[SourceQuality "1"]

{[%evp 25,83,22,20,10,21,0,64,58,94,87,87,89,77,66,139,139,139,139,137,139,135,128,131,133,136,131,126,117,133,129,153,129,192,207,275,269,250,262,495,492,738,739,730,737,729,720,714,719,697,679,777,777,763,756,29977,29977,29980,29981,29981,29981]} 1. c4 Nf6 2. Nc3 d5 3. cxd5 Nxd5 4. g3 e5 5. Bg2 Nb6 6. Nf3 Nc6 7. O-O Be7 8. a3 a5 9. d3 O-O 10. Be3 Be6 11. Rc1 f5 12. Na4 Nxa4 13. Qxa4 Bf6 {LiveBook: 5 Games. A29: English Opening: Four Knights Variation with 4 g3} 14. Qb5 Rb8 15. Nd2 {[%cal Bf3d2,Bd2b3,Bb3c5][%mdl 32]} Rf7 $146 (15... Nd4 $11 16. Bxd4 c6) ({Predecessor:} 15... f4 16. Bc5 Rf7 17. Ne4 Be7 18. Bxe7 Rxe7 19. e3 Kh8 20. Nc5 Bd5 21. Bxd5 Qxd5 {1-0 (67) Moeller,H (2238)-Balinski,D (2144) Hamburg 2012}) 16. Nb3 $14 f4 17. Nc5 (17. gxf4 $6 exf4 18. Bxf4 Bxb2 $15) 17... Bd5 {Strongly threatening ...Bxg2.} 18. Nxb7 Bxg2 19. Kxg2 Qc8 (19... Qd7 $1 $14) 20. Qxc6 $16 {Nd6! is the strong threat.} Qxb7 21. Qxb7 ({But not} 21. gxf4 $6 exf4 22. Qxb7 (22. Bxf4 Bxb2 23. Qxb7 Rxb7 $14) 22... Rxb7 $14) 21... Rxb7 {[#]} 22. Bc5 $1 ({Much less strong is} 22. gxf4 exf4 23. Bxf4 Bxb2 $14) 22... Rxb2 23. Rb1 f3+ 24. exf3 Rxb1 25. Rxb1 {[%mdl 4096] Endgame White threatens Rb8+ and mate. KRB-KRB} Rd7 26. Rb5 Rxd3 27. Rxa5 Kf7 28. Ra7 Bd8 (28... Rd7 $16 29. Kf1 Ke6) 29. a4 $18 {[%cal Ba3a4,Ba4a5,Ba5a6][%mdl 32]} Ke8 30. a5 Rc3 31. Be3 Kd7 $2 (31... Be7 32. Ra8+ Kf7) 32. a6 Ra3 (32... Be7 $142 33. Rb7 Bc5) 33. Ra8 Be7 34. a7 c5 35. Rg8 Rxa7 36. Rxg7 Kd6 37. Bg5 Bxg5 38. Rxa7 c4 39. h4 Bh6 40. Ra6+ {White mates.} Kc7 41. Rxh6 c3 {[#]} 42. Ra6 $1 {Accuracy: White = 89%, Black = 45%.} 1-0

[Event "IIFL Wealth 4th Mumbai GM"]
[Site "Mumbai"]
[Date "2019.01.02"]
[Round "4"]
[White "Lugovskoy, Maxim"]
[Black "Kurbonboeva, Sarvinoz"]
[Result "1-0"]
[WhiteElo "2445"]
[BlackElo "2214"]
[Annotator "TA"]
[PlyCount "73"]
[EventDate "2018.12.30"]
[EventType "swiss"]
[EventCountry "IND"]
[SourceTitle "playchess.com"]
[Source "ChessBase"]
[SourceQuality "1"]

{[%evp 13,73,-27,-10,-10,-10,-7,-7,-9,-13,-17,-10,-7,-11,-16,-19,-11,0,0,6,-39,-19,-25,3,0,11,6,0,12,3,-16,0,10,13,8,54,57,89,80,77,75,134,127,130,116,120,104,122,77,95,79,358,359,350,352,361,339,341,220,611,608,854,853]} 1. d4 Nf6 2. Nc3 d5 3. Bf4 c5 4. e3 cxd4 5. exd4 a6 6. Bd3 {B13: Caro-Kann: Exchange Variation and Panov-Botvinnik Attack} Nc6 7. Nge2 Bg4 {LiveBook: 12 Games} 8. Qd2 {The position is equal.} (8. f3 Bh5 9. h4 Bg6 10. g4 e6 11. h5 Bxd3 12. Qxd3 h6 13. O-O-O {0-1 (50) Jobava,B (2646)-Nisipeanu,L (2657) Spilimbergo 2018}) 8... Bh5 $146 ({Predecessor:} 8... e6 9. a3 Bd6 10. f3 Bh5 11. Bxd6 Qxd6 12. Na4 Nd7 13. b4 {0-1 (45) Jozefek,M (2198)-Bagi,M (2456) Slovakia 2017}) 9. Bg5 e6 10. Nf4 Bg6 $1 11. Nxg6 hxg6 12. Ne2 {[%cal Bc3e2,Be2g1,Bg1f3,Bf3e5][%mdl 32]} Nb4 13. c3 Nxd3+ 14. Qxd3 Qc7 15. Bf4 Qd7 16. Ng1 Be7 17. Nf3 b5 18. a3 a5 19. O-O O-O 20. Ne5 Qb7 21. Bg5 b4 22. cxb4 axb4 23. a4 Rfc8 24. Qb5 $1 $36 {[%cal Rb5b7][%mdl 2048] White is pushing.} Qa6 25. Rfc1 Rxc1+ 26. Rxc1 {Strongly threatening Qxa6.} Qxa4 {[#]} (26... Qxb5 $142 27. axb5 Bd8) 27. Rc8+ $1 $16 {[%mdl 512]} Bf8 (27... Rxc8 28. Qxa4) 28. Qxa4 Rxa4 29. g3 Ra7 30. Rb8 Nh7 31. Bd2 g5 $2 {[%mdl 8192] [#]} (31... f6 $16 32. Nxg6 Kf7 33. Nxf8 (33. Bxb4 Kxg6 34. Bxf8 Nxf8 $15) 33... Nxf8) 32. Bxb4 $18 g6 {Black hopes to continue with ...Kg7.} 33. Bc5 Rc7 34. b4 {[%cal Bb2b4,Bb4b5,Bb5b6][%mdl 32]} Kg7 35. Nd3 Be7 $2 (35... Bxc5 36. dxc5 Nf6) 36. b5 f6 37. b6 {Accuracy: White = 86%, Black = 40%.} 1-0

[Event "IIFL Wealth 4th Mumbai GM"]
[Site "Mumbai"]
[Date "2019.01.02"]
[Round "4"]
[White "Nguyen, Van Huy"]
[Black "Balasubramaniam H"]
[Result "0-1"]
[WhiteElo "2438"]
[BlackElo "2270"]
[Annotator "TA"]
[PlyCount "144"]
[EventDate "2018.12.30"]
[EventType "swiss"]
[EventCountry "IND"]
[SourceTitle "playchess.com"]
[Source "ChessBase"]
[SourceQuality "1"]

{[%evp 24,144,41,50,54,56,57,58,73,53,56,0,66,55,51,0,0,-75,-88,-66,-62,-82,-56,-91,-89,-81,-56,-124,0,0,-8,-87,-89,-116,-109,-112,-96,-106,-101,-230,-230,-224,-230,-225,-192,-230,-230,-219,-136,-129,-132,-259,-258,-302,-261,-381,-362,-388,-387,-385,-386,-368,-350,-341,-334,-400,-416,-420,-325,-791,-789,-784,-782,-770,-750,-741,-720,-704,-679,-691,-610,-593,-489,-2476,-2430,-1952,-1835,-2772,-4602,-29967,-29968,-29969,-29970,-29964,-12838,-6079,-5695,-29975,-29976,-29972,-29975,-29975,-29976,-29976,-29977,-29977,-29978,-29976,-29976,-29975,-29975,-29942,-4908,-29975,-29976,-29979,-29979,-29981,-29982,-29982,-29983,-29983,-29984]} 1. d4 Nf6 2. c4 e6 3. Nf3 c5 4. d5 exd5 5. cxd5 d6 6. Nc3 g6 7. Nd2 a6 8. a4 Bg7 9. e4 O-O 10. Be2 Nbd7 11. O-O Ne8 12. Nc4 Ne5 {A74: Modern Benoni: Classical: 9...a6} 13. Ne3 {LiveBook: 6 Games} Rb8 (13... f5 14. f4 Nf7 15. exf5 gxf5 16. Bd3 Nh6 17. Qc2 Bd7 18. Ne2 Qe7 19. Kh1 Nf6 20. Ng3 {0-1 (34) Lupulescu,C (2624)-Dolana,A (2346) Olanesti 2016}) 14. f4 $146 ({Predecessor:} 14. a5 f5 15. f4 Nf7 16. exf5 gxf5 17. Qc2 Nh6 18. Bd2 Bd4 19. Kh1 Nf6 20. Bd3 {0-1 (53) Gavrilescu,D (2285)-Shubin,K (2298) Prague 2016}) 14... Nd7 {White is slightly better.} 15. Kh1 Nef6 16. Nc4 Nb6 {White should prevent ...Nxc4.} 17. Ne3 Nbd7 $1 18. Qc2 Re8 19. Nc4 ({White should play} 19. a5 $14) 19... Nb6 $11 20. e5 (20. Nxb6 $11 Qxb6 21. Bd2) 20... Bf5 $17 21. Qd1 dxe5 {[%cal Rb6d5]} 22. Nxb6 Qxb6 23. fxe5 {[#] Black must now prevent a5.} Ne4 24. Nxe4 Bxe4 25. Bf3 (25. Bc4 $1 $15) 25... Bxf3 ({Better is} 25... Rxe5 $17 26. a5 (26. Bxe4 $2 Rxe4 27. Ra3 Qd6 $19) 26... Qb4 27. Bxe4 Rxe4) 26. Qxf3 $11 Qc7 27. Bf4 (27. e6 $11 fxe6 28. dxe6) 27... Bxe5 $17 28. Bxe5 Rxe5 29. d6 Qd7 ({But not} 29... Qxd6 $6 30. Qxf7+ Kh8 31. Rad1 $11) 30. a5 Rd8 31. Rae1 (31. h3 $17) 31... Rxe1 $19 32. Rxe1 Qxd6 {[%mdl 4096] Endgame KQR-KQR} 33. h3 Qd2 34. Re2 Qd1+ 35. Kh2 Kg7 36. Qc3+ Qd4 37. Qf3 (37. Re7 $17 {is a better defense.}) 37... Rd7 38. Kh1 Qf6 39. Rf2 (39. Qxf6+ {keeps fighting.} Kxf6 40. Kh2) 39... Qxf3 40. Rxf3 {KR-KR} Rd1+ 41. Kh2 Ra1 42. Rb3 Rxa5 43. Rxb7 Rb5 44. Rc7 a5 {[%cal Ba6a5,Ba5a4,Ba4a3,Ba3a2][%mdl 32]} 45. Rc6 a4 46. h4 $2 {[#]} (46. Ra6) 46... Rxb2 47. Rxc5 a3 48. Ra5 a2 49. Kg3 h6 50. Kf3 Kf6 51. g4 Ke6 52. Ke4 Rh2 53. h5 (53. Ra6+ $142 Kd7 54. g5 Rxh4+ 55. Ke5) 53... gxh5 54. Ra6+ Kd7 55. gxh5 Kc7 56. Kd4 Kb7 57. Ra5 Kb6 58. Ra8 Kb5 59. Kc3 f5 {[%cal Bf7f5,Bf5f4][%mdl 32]} 60. Rb8+ Kc5 61. Rc8+ Kd5 62. Rd8+ Ke4 63. Re8+ Kf3 64. Ra8 f4 65. Kd3 Rxh5 66. Rxa2 Rd5+ 67. Kc4 Rd8 (67... Rd6 $142 68. Ra7 h5 69. Rh7 Kg4 70. Rg7+ Kf5 71. Rh7 f3 72. Rxh5+ Ke4 73. Rh4+ Ke3 74. Rh7 Rf6 75. Rh3 Ke2 76. Rh2+ f2 77. Kc5 Rf5+ 78. Kd4 Rf4+ 79. Kd5 Ke3 80. Rh1 f1=Q 81. Rxf1 Rxf1 82. Kd6 Kd4 83. Ke6 Rf4 84. Kd6 Rf6+ 85. Ke7 Ke5 86. Kd7 Rh6 87. Kc7 Rd6 88. Kc8 Ke6 89. Kc7 Ke7 90. Kc8 Rd7 91. Kb8 Kd8 92. Ka8 Kc7 93. Ka7 Rd6 94. Ka8 Ra6#) 68. Rh2 Rd6 {Black mates.} 69. Kc5 Rg6 70. Kd4 Kg3 71. Rh1 Kg2 72. Rh5 f3 {Accuracy: White = 31%, Black = 77%.} 0-1

[Event "IIFL Wealth 4th Mumbai GM"]
[Site "Mumbai"]
[Date "2019.01.02"]
[Round "4"]
[White "Laxman, R.R."]
[Black "Aaryan Varshney"]
[Result "1-0"]
[WhiteElo "2436"]
[BlackElo "2200"]
[Annotator "TA RC"]
[PlyCount "75"]
[EventDate "2018.12.30"]
[EventType "swiss"]
[EventCountry "IND"]
[SourceTitle "playchess.com"]
[Source "ChessBase"]
[SourceQuality "1"]

{[%evp 20,74,26,0,37,0,9,4,19,0,0,0,41,0,0,0,12,27,26,34,30,24,28,0,0,0,16,0,7,0,0,0,23,29,75,87,300,95,85,79,193,196,1398,1357,1433,888,29990,1263,29994,29995,29995,29995,29995,29996,29998,29999,29999]} 1. Nf3 Nf6 2. b3 g6 3. Bb2 Bg7 4. g3 b6 5. Bg2 Bb7 6. c4 c5 7. O-O O-O 8. d4 cxd4 9. Qxd4 Nc6 10. Qf4 d5 11. Rd1 {LiveBook: 3 Games. A30: Symmetrical English: Double Fianchetto and Hedgehog} Qc8 (11... d4 $5) (11... Qb8 12. Qxb8 Raxb8 13. cxd5 Nb4 14. Nc3 Ne4 15. Nd4 Nxc3 16. Bxc3 Nxd5 17. Bb2 Nb4 18. Rd2 Bxg2 19. Kxg2 {½-½ (41) Bocharov,D (2576)-Triapishko,O (2513) Voronezh 2018}) 12. cxd5 Nxd5 13. Qc1 $146 {The position is equal.} ({Predecessor:} 13. Qd2 Rd8 14. Qc1 Ncb4 15. Bxg7 Qxc1 16. Rxc1 Kxg7 17. a3 Na6 18. Nbd2 Rac8 19. Rxc8 Rxc8 {½-½ (28) Sielecki,C (2435)-Beerdsen,T (2319) Germany 2015}) 13... Rd8 14. Bxg7 Kxg7 15. Qb2+ Kg8 16. Nc3 Nxc3 17. Qxc3 Rxd1+ 18. Rxd1 Qe8 19. Ne5 Rc8 $1 20. Bh3 f5 $1 21. Qc4+ Kg7 22. Qc3 $40 {[%mdl 128] Strongly threatening Rd7. White mounts an attack.} Kg8 23. g4 Nxe5 24. Qxe5 e6 25. f3 Kf7 26. e4 Rc2 27. Bf1 Bc6 $2 (27... Rc5 $16 {was necessary.} 28. Qd4 Bc6) 28. Bd3 $2 (28. gxf5 gxf5 29. Kh1 Rc5 $16) ({Weaker is} 28. exf5 exf5 29. Bc4+ Rxc4 $16) (28. Bc4 $18) 28... Rc5 $16 29. Qd4 {b4 is the strong threat.} e5 (29... Qe7 $16 {was worth a try.}) 30. Bc4+ $18 Kf6 $2 (30... Kf8 31. Qd3 Qe7) 31. Qd6+ Kg5 32. gxf5 gxf5 33. Kf2 (33. f4+ $142 exf4 {[#]} 34. h4+ $1 {[%mdl 512]} Kg4 35. Be2+ f3 36. Bxf3+ $1 {[%mdl 512]} Kxf3 37. Rf1+ Ke3 38. Qf4+ {[%mdl 64] Double Attack} Ke2 39. Rf2+ Kd3 40. Qf3+ Kd4 41. Rd2+ Ke5 42. Qxf5#) 33... fxe4 34. Rg1+ {White mates.} Kf5 35. Qh6 {[%csl Gg1][%cal Rh6g5]} e3+ 36. Kxe3 {[%csl Gg1][%cal Rh6g5]} Qe7 37. Qh5+ Kf6 38. Qg5# {Accuracy: White = 41%, Black = 25%.} 1-0

[Event "IIFL Wealth 4th Mumbai GM"]
[Site "Mumbai"]
[Date "2019.01.02"]
[Round "4"]
[White "Czebe, Attila"]
[Black "Safranska, Anda"]
[Result "1-0"]
[WhiteElo "2417"]
[BlackElo "2189"]
[Annotator "TA"]
[PlyCount "95"]
[EventDate "2018.12.30"]
[EventType "swiss"]
[EventCountry "IND"]
[SourceTitle "playchess.com"]
[Source "ChessBase"]
[SourceQuality "1"]

{[%evp 11,95,35,47,48,49,32,45,17,43,41,67,64,45,59,148,154,185,179,244,245,250,213,219,189,220,174,171,170,206,189,179,154,152,143,160,149,177,190,233,212,252,159,173,151,142,133,142,118,129,117,171,159,153,104,104,97,111,94,250,233,318,316,302,296,285,261,564,562,479,345,336,305,314,306,865,864,792,795,765,757,738,738,1118,421,2202,2163]} 1. e4 g6 2. d4 Bg7 3. Nf3 d6 4. Bc4 e6 5. Bb3 Ne7 6. O-O O-O {LiveBook: 32 Games. B06: Modern Defence} 7. Bf4 (7. Re1 Nd7 8. c3 a6 9. Nbd2 b5 10. Nf1 c5 11. Ng3 Bb7 12. Bf4 e5 13. Be3 exd4 14. cxd4 {0-1 (40) Grandelius,N (2653)-Dubov,D (2677) Germany 2017}) 7... h6 $146 ({Predecessor:} 7... Nd7 8. c3 b6 9. Nbd2 Bb7 10. Re1 h6 11. h4 e5 12. Bh2 Nc6 13. Nf1 Qf6 14. Bd5 {1-0 (32) Ibarra Jerez,J (2522)-Camacho Collados,M (2376) Malaga 2011}) 8. Qd2 Kh7 {White is slightly better.} 9. Nc3 {[%cal Bb1c3,Bc3e4,Be4d6][%mdl 32]} Nd7 10. Rad1 a6 11. e5 dxe5 12. dxe5 Qe8 (12... Nc6 $14) 13. Ne4 $16 Ng8 14. Qc3 c6 (14... c5 $142 15. Qd3 (15. Nxc5 Nxc5 16. Qxc5 Bd7 $18) 15... Nb6) 15. Nfg5+ $18 Kh8 16. Nd6 Qe7 17. Nge4 f5 18. exf6 Ndxf6 19. Nxf6 Nxf6 20. Nxc8 Rfxc8 21. Qe3 Nd5 {[#]} 22. Bxd5 $1 cxd5 23. Bxh6 Bxb2 {[#]} 24. Rxd5 $1 {[%mdl 512]} Rxc2 (24... exd5 25. Qxe7) 25. Rfd1 Rc7 26. Bg5 Bf6 27. Bxf6+ Qxf6 28. Rd6 Re8 29. h3 Kg7 30. R1d4 Rf7 (30... Ree7 $16 31. g3 Rc5) 31. Rg4 Ree7 32. Qe2 Qa1+ 33. Rd1 Qf6 34. Rd3 Qa1+ $2 {[#]} (34... Rd7 $16) 35. Kh2 $1 {Strongly threatening Rdg3.} Rf5 36. Rdg3 Qf6 37. Qe4 ({But not} 37. Rxg6+ $6 Qxg6 38. Rxg6+ Kxg6 $18) 37... g5 38. f4 Kf7 $2 (38... Rf7 {is more resistant.} 39. h4 (39. fxg5 Qe5 $18) 39... Kf8) 39. Rxg5 Rxg5 40. Rxg5 {[%mdl 4096] Endgame KQR-KQR} Kf8 41. a4 {[%cal Ba2a4,Ba4a5][%mdl 32]} Rf7 42. Qb4+ Re7 $2 (42... Qe7 43. Rc5 Qf6) 43. a5 {White is clearly winning.} Kf7 44. Qd6 Re8 45. Qc7+ Re7 46. Qb8 {[%csl Gg5][%cal Rb8g8]} Qh6 47. g4 (47. Qg8+ $142 Kf6 48. g4) 47... Rd7 (47... Qf8 $142 48. Qe5 Qh6) 48. Qg8+ {Precision: White = 83%, Black = 34%.} 1-0

[Event "IIFL Wealth 4th Mumbai GM"]
[Site "Mumbai"]
[Date "2019.01.02"]
[Round "4"]
[White "Manik, Mikulas"]
[Black "Praveen Kumar C"]
[Result "1-0"]
[WhiteElo "2410"]
[BlackElo "2233"]
[Annotator "TA"]
[PlyCount "61"]
[EventDate "2018.12.30"]
[EventType "swiss"]
[EventCountry "IND"]
[SourceTitle "playchess.com"]
[Source "ChessBase"]
[SourceQuality "1"]

{[%evp 21,61,-33,141,159,147,148,244,236,276,297,342,326,364,320,343,325,333,241,255,242,300,292,275,280,347,350,353,330,340,342,408,319,458,457,440,450,431,439,616,605,674,653]} 1. e4 e6 2. d4 d5 3. Nc3 Bb4 4. e5 Ne7 5. a3 Bxc3+ 6. bxc3 c5 7. Qg4 Qc7 8. Qxg7 Rg8 9. Qxh7 cxd4 10. Kd1 Nbc6 11. Nf3 Bd7 $2 (11... Nxe5 $15 {stays ahead.} 12. Nxe5 Qxe5) 12. cxd4 $16 {C18: French: 3 Nc3 Bb4: Main line: 7 h4 and 7 Qg4} O-O-O {intending ...Nf5.} 13. Qd3 (13. Qxf7 $6 Nf5 $11) (13. Bg5 Kb8 14. Rb1 Ka8 15. Qd3 Rc8 16. h4 Nf5 17. Rb2 Na5 18. g4 Nc4 19. Rb3 Ba4 20. gxf5 Nxa3 {1-0 (44) Rogulj,B (2410)-Pisar,M (2022) Karlovac 2017}) 13... Na5 (13... Nf5 $16 14. h3 Rde8) 14. Bg5 $146 {White is clearly better.} ({Predecessor:} 14. Rb1 Ba4 15. Bd2 Nc4 16. Qc3 Kd7 17. Bxc4 dxc4 18. Ng5 Kc8 19. h4 Nd5 {½-½ (53) Fauth,D (2170)-Egger,T (2305) Bayern 1997}) 14... Nc4 {[#] Threatens to win with ...Nb2+.} 15. Qc3 Bc6 16. h4 Rh8 17. Bf6 Rh6 18. g4 {[%cal Bg2g4,Bg4g5][%mdl 32]} Rg8 19. g5 Rh5 20. Bh3 ({Don't play} 20. Bxc4 $6 dxc4 21. Bxe7 Qxe7 $16) 20... Ng6 21. Bg4 Rh7 22. h5 Nf8 23. Rg1 Kb8 24. Rb1 Qc8 25. Nd2 Nd7 26. g6 Nxf6 (26... fxg6 {is a better defense.} 27. Bxe6 Nxd2) 27. gxh7 {White is clearly winning.} ({Less strong is} 27. exf6 fxg6 28. Re1 (28. Nxc4 dxc4 29. Re1 Bd5 $18) 28... Nxd2 $18) 27... Nxh7 28. Nxc4 dxc4 29. Kd2 Bd5 (29... Qd8 $142 30. Be2 Ng5 31. Qxc4 Ka8) 30. f4 Qc6 {[#]} 31. Bxe6 $1 {Accuracy: White = 87%, Black = 29%.} 1-0

[Event "IIFL Wealth 4th Mumbai GM"]
[Site "Mumbai"]
[Date "2019.01.02"]
[Round "4"]
[White "Muthaiah AL"]
[Black "Deepan Chakkravarthy J."]
[Result "1/2-1/2"]
[WhiteElo "2408"]
[BlackElo "2550"]
[Annotator "TA"]
[PlyCount "79"]
[EventDate "2018.12.30"]
[EventType "swiss"]
[EventCountry "IND"]
[SourceTitle "playchess.com"]
[Source "ChessBase"]
[SourceQuality "1"]

{[%evp 12,79,8,16,19,15,10,8,18,20,23,19,18,34,24,15,29,27,47,47,78,45,43,43,44,34,52,54,72,41,44,39,45,43,56,32,19,19,31,0,0,22,14,13,60,0,0,0,0,0,0,0,0,0,0,0,0,0,0,0,0,0,0,0,0,0,0,0,16,0]} 1. d4 d5 2. Bf4 e6 3. e3 Bd6 4. Nf3 Nf6 5. c3 O-O 6. Nbd2 {[%cal Bb1d2,Bd2b3,Bb3d4][%mdl 32] D02: 1 d4 d5 2 Nf3 sidelines, including 2...Nf6 3 g3 and 2...Nf6 3 Bf4} Bxf4 (6... b6 7. Bd3 Bb7 8. a4 c5 9. a5 Qc7 10. Bxd6 Qxd6 11. Ne5 c4 12. Bc2 b5 13. f4 Nbd7 {1-0 (28) Artemiev,V (2692)-Radjabov,T (2742) Tbilisi 2017}) 7. exf4 {LiveBook: 5 Games} c5 8. dxc5 Qc7 9. g3 Nbd7 10. Nb3 e5 $146 ({Predecessor:} 10... a5 11. a4 e5 12. fxe5 Nxe5 13. Nxe5 Qxe5+ {½-½ (40) Hasangatin,R (2509)-Popov,I (2618) Sochi 2017}) 11. fxe5 Nxe5 12. Nxe5 Qxe5+ 13. Be2 $1 Re8 {[#] And now ...Bg4 would win.} 14. Nd4 Bh3 15. f3 Qc7 16. Kf2 Qxc5 17. Re1 h5 18. Qd2 a6 19. Bd3 Qb6 20. Rxe8+ Rxe8 21. Re1 Rxe1 22. Kxe1 Qd6 23. Qf4 (23. Qg5 {keeps more tension.} g6 24. Kd2 Bd7 25. a3 Kg7 26. Kc2) 23... Qxf4 24. gxf4 $14 {[%mdl 4096] Endgame KBN-KBN} g6 25. Kf2 h4 26. Nb3 Bc8 27. Ke3 Nh5 28. Nd4 (28. f5 $14) 28... Kf8 $11 {The position is equal.} 29. b4 Ke7 30. a4 Kd6 31. a5 Ng7 32. Bc2 Bh3 33. Bd3 Bc8 34. Bc2 Bh3 35. Bd3 Bc8 36. Bf1 Bf5 37. Nb3 Ne6 38. Nd4 Ng7 39. Nb3 Ne6 40. Nd4 {Accuracy: White = 72%, Black = 80%.} 1/2-1/2

[Event "IIFL Wealth 4th Mumbai GM"]
[Site "Mumbai"]
[Date "2019.01.02"]
[Round "4"]
[White "Rajesh, V A V"]
[Black "Bhambure, Shantanu"]
[Result "*"]
[WhiteElo "2402"]
[BlackElo "2223"]
[Annotator "TA"]
[PlyCount "40"]
[EventDate "2018.12.30"]
[EventType "swiss"]
[EventCountry "IND"]
[SourceTitle "playchess.com"]
[Source "ChessBase"]
[SourceQuality "1"]

{[%evp 23,40,0,0,0,-4,-17,-23,-18,-24,-37,-33,-47,-32,-44,-28,-37,-37,-48,-28]} 1. d4 Nf6 2. c4 e6 3. Nc3 Bb4 4. e3 b6 5. Bd3 Bb7 6. Nf3 Bxc3+ 7. bxc3 O-O 8. O-O d6 9. Qc2 Nbd7 {[%cal Bb8d7,Bd7f8,Bf8g6][%mdl 32]} 10. e4 e5 11. Bg5 {[%cal Bc1g5,Bg5h4,Bh4g3][%mdl 32]} h6 12. Bh4 Re8 {LiveBook: 5 Games} 13. Rfe1 {E13: Queen's Indian/Nimzo-Indian hybrid: 4 Nc3 Bb7 5 Bg5 h6 6 Bh4 Bb4} Nf8 14. Rad1 (14. c5 Ng6 15. cxd6 cxd6 16. Bb5 Nxh4 17. Nxh4 Re7 18. Nf5 Rc7 19. Rad1 Qf8 20. Re3 Bc8 {½-½ (40) Vo,T (2352)-Pham,L (2363) Makati 2018}) 14... Ng6 15. Bg3 {Black has an edge.} Nh5 16. Nd2 $146 ({Predecessor:} 16. c5 Nxg3 17. hxg3 dxc5 18. dxc5 Qe7 19. cxb6 axb6 20. Bc4 Red8 {½-½ (55) Zichacek,L (2046)-Svancara,P (2239) Czechia 2006}) 16... Qf6 17. Nb3 a5 {[%cal Ba7a5,Ba5a4][%mdl 32]} 18. Bf1 a4 19. Nc1 Nxg3 20. hxg3 Ra5 *

[Event "IIFL Wealth 4th Mumbai GM"]
[Site "Mumbai"]
[Date "2019.01.02"]
[Round "4"]
[White "Ravi, Teja S."]
[Black "Patil, Pratik"]
[Result "1/2-1/2"]
[WhiteElo "2396"]
[BlackElo "2178"]
[Annotator "TA"]
[PlyCount "80"]
[EventDate "2018.12.30"]
[EventType "swiss"]
[EventCountry "IND"]
[SourceTitle "playchess.com"]
[Source "ChessBase"]
[SourceQuality "1"]

{[%evp 16,80,12,4,9,9,18,9,4,3,10,0,35,32,70,73,134,150,141,109,247,244,242,243,234,231,255,245,242,246,309,309,289,240,220,229,218,225,207,189,203,188,184,182,186,181,197,182,289,269,274,36,31,25,15,0,0,0,0,0,10,0,0,0,8,0,0]} 1. d4 Nf6 2. Nf3 g6 3. Bg5 d5 4. e3 Bg7 5. Nbd2 O-O 6. c3 b6 7. Bd3 c5 8. O-O Bb7 9. Qb1 {LiveBook: 18 Games} Nc6 {D03: 1 d4 d5 2 Nf3 Nf6 3 Bg5, including Torre Attack with early ...d5} (9... Nbd7 10. a4 a5 11. Re1 e6 12. Bh4 Qc8 13. h3 Bc6 14. e4 dxe4 15. Nxe4 Nxe4 16. Bxe4 Ra7 17. Rd1 {½-½ (69) Looshnikov,N (2480)-Inarkiev,E (2682) Vladivostok 2014}) 10. b4 cxb4 11. cxb4 Rc8 12. Rc1 Qd6 13. a3 Nh5 $146 ({Predecessor:} 13... Nd7 14. b5 Ncb8 15. Qb4 Qxb4 16. axb4 e5 17. Rxc8 Bxc8 18. dxe5 Nxe5 19. Nxe5 Bxe5 20. Rxa7 {1-0 (44) Neuman,P (2385)-Jirovsky,P (2362) Bayern 2000}) 14. b5 $36 {[%mdl 2048] White fights for an advantage.} Nb8 15. Qb4 Qxb4 ({Better is} 15... Bf6) 16. axb4 $16 f6 17. Rxc8 Rxc8 (17... Bxc8 $16 {is a better defense.} 18. Bh4 e5) 18. Bh4 $18 (18. Rxa7 $6 Rc1+ 19. Bf1 Bc8) 18... g5 19. Bf5 (19. Rxa7 $6 Rc1+ 20. Nf1 Bc8) 19... Rc7 20. g4 gxh4 21. Be6+ (21. gxh5 $6 Ba8 $16) (21. Nxh4 $6 e5 $16) 21... Kf8 22. Rxa7 (22. gxh5 $6 Bc8) 22... Rc1+ 23. Kg2 Bc8 24. Bxc8 Rxc8 25. Rb7 (25. Nxh4 $6 Ke8) 25... Ke8 26. Rxb6 (26. gxh5 $6 Nd7 $16) 26... Nd7 27. Ra6 Rb8 28. gxh5 Rxb5 29. Ra5 (29. Nxh4 $6 Rxb4 30. Kg3 Kf7 $16) 29... Rxb4 30. Rxd5 e6 31. Ra5 f5 (31... Bf8 $142 32. Nxh4 Rb7) 32. Ng5 ({Resist} 32. Nxh4 f4 $18) 32... e5 33. dxe5 $2 {[#]} ({Don't do} 33. Nxh7 $6 exd4 34. Nf3 (34. Rxf5 dxe3 35. fxe3 Rb2 $16) 34... dxe3 $16) ({White should play} 33. Ne6 $18 Bh8 34. dxe5) 33... Rg4+ $14 34. Kh3 Rxg5 35. Nf3 {The position is equal.} Rxh5 36. Ra8+ Ke7 37. Ra7 Ke8 38. Ra8+ Ke7 39. Ra7 Ke8 40. Ra8+ Ke7 {Precision: White = 65%, Black = 34%.} 1/2-1/2